000 00436nam a22001697a 4500
005 20230727123402.0
008 230727b |||||||| |||| 00| 0 eng d
020 _a978-81-931981-0-0
041 _aeng
082 _a345.400 5
100 _aDHAL, DEBI PRASHAD
_97890
245 _aINDIAN BAR REVIEW , VOL-48 [3&4]2021
260 _aNEW DELHI
_bBAR COUNCIL OF INDIA TRUST
_c2021
300 _a388;P
650 _aLAW
_97891
942 _cBK
999 _c8347
_d8345